000 00955nam a2200253 i 4500
003 IT-RoINE
005 20181214105230.0
008 930725s1975 sp |r 1 spa d
040 _aSpMaBN
_bspa
_cIT-RoINE
_dIT-RoINE
100 1 _aMartínez, H. Salvador,
_914278
_d1936-
245 1 4 _aEl "Poema de Almería" y la épica románica /
_cH. Salvador Martínez.
260 _aMadrid :
_bGredos,
_c[1975]
300 _a478 p. ;
_c21 cm.
336 _2rdacontent
_atext
337 _2rdamedia
_aunmediated
338 _2rdacarrier
_avolume
490 1 _aBiblioteca románica hispánica.
_aII, Estudios y ensayos ;
_v219
500 _aIncluye índice.
504 _aIncluye bibliografía.
630 0 4 _927157
_aPoema de Almería
_xCrítica, interpretación, etc.
650 0 4 _aPoesía épica española
_yAnterior a 1500
_xHistoria y crítica
_927158
830 0 _912052
_aBiblioteca románica hispánica.
_nII,
_pEstudios y ensayos ;
_v219
942 _cMTS
999 _c13375
_d13375